000 00507nmm a2200169Ia 4500
008 251105s9999||||xx |||||||||||||||||und||
020 _a9788476588390
041 _aspa
100 _aRomo Feito, Fernando
245 0 _aHermenéutica, interpretación, literatura
264 _a[Madrid, España] :
_bAnthropos,
_c2007
300 _a256 páginas
490 _aAutores, textos y temas. Filosofía
650 _aPhilosophy, Ethics
856 _uhttps://public.digitaliapublishing.com/a/15681
942 _cCF
999 _c85173
_d85173